5HLuxD.jpg

KING HENRY VIII SENIOR AND PRIMARY SCHOOL LIBRARY OPAC

An enemy of the people / (Record no. 5755)

000 -LEADER
fixed length control field 01164aam a22003611i 4500
001 - CONTROL NUMBER
control field 021155400
003 - CONTROL NUMBER IDENTIFIER
control field Uk
005 - DATE AND TIME OF LATEST TRANSACTION
control field 20251029090609.0
006 - FIXED-LENGTH DATA ELEMENTS--ADDITIONAL MATERIAL CHARACTERISTICS
fixed length control field m || d |
007 - PHYSICAL DESCRIPTION FIXED FIELD--GENERAL INFORMATION
fixed length control field cr |||||||||||
008 - FIXED-LENGTH DATA ELEMENTS--GENERAL INFORMATION
fixed length control field 170310s2014 enk go 000 0 eng d
015 ## - NATIONAL BIBLIOGRAPHY NUMBER
National bibliography number GBC3E6868
Source bnb
020 ## - INTERNATIONAL STANDARD BOOK NUMBER
International Standard Book Number 9789357270175
040 ## - CATALOGING SOURCE
Original cataloging agency NLE
Language of cataloging eng
Transcribing agency NLE
Modifying agency OCLCQ
-- OCLCO
-- OCL
-- UKMGB
-- OCLCA
-- OCLCO
-- Uk
-- KH8
Description conventions rda
041 1# - LANGUAGE CODE
Language code of text/sound track or separate title eng
Language code of original nor
042 ## - AUTHENTICATION CODE
Authentication code ukblsr
082 04 - DEWEY DECIMAL CLASSIFICATION NUMBER
Classification number 839.8226 IBS
Edition number 21
100 1# - MAIN ENTRY--PERSONAL NAME
Personal name Ibsen, Henrik,
Dates associated with a name 1828-1906
Relator term author.
245 13 - TITLE STATEMENT
Title An enemy of the people /
Statement of responsibility, etc. Henrik Ibsen and translated by Farquharson Sharp.
264 #1 - PRODUCTION, PUBLICATION, DISTRIBUTION, MANUFACTURE, AND COPYRIGHT NOTICE
Place of production, publication, distribution, manufacture New Delhi ;
Name of producer, publisher, distributor, manufacturer Double 9 Books ,
Date of production, publication, distribution, manufacture, or copyright notice 2022.
300 ## - PHYSICAL DESCRIPTION
Extent 106 pages :
Dimensions 21 cm.
336 ## - CONTENT TYPE
Content type term text
Source rdacontent
337 ## - MEDIA TYPE
Media type term computer
Source rdamedia
338 ## - CARRIER TYPE
Carrier type term online resource
Source rdacarrier
546 ## - LANGUAGE NOTE
Language note Translation from the Norwegian.
650 #0 - SUBJECT ADDED ENTRY--TOPICAL TERM
Topical term or geographic name entry element Drama
Chronological subdivision 19th century.
650 #0 - SUBJECT ADDED ENTRY--TOPICAL TERM
Topical term or geographic name entry element Drama
Chronological subdivision 20th century.
650 #6 - SUBJECT ADDED ENTRY--TOPICAL TERM
Topical term or geographic name entry element Théâtre (Genre littéraire)
Chronological subdivision 19e siècle.
650 #6 - SUBJECT ADDED ENTRY--TOPICAL TERM
Topical term or geographic name entry element Théâtre (Genre littéraire)
Chronological subdivision 20e siècle.
650 #7 - SUBJECT ADDED ENTRY--TOPICAL TERM
Topical term or geographic name entry element Drama.
Source of heading or term fast
Authority record control number or standard number (OCoLC)fst00897468
700 ## - ADDED ENTRY--PERSONAL NAME
Personal name Sharp, Farquharson,
Relator term translator.
942 ## - ADDED ENTRY ELEMENTS (KOHA)
Source of classification or shelving scheme
Koha item type Teaching Resources
Holdings
Withdrawn status Lost status Source of classification or shelving scheme Damaged status Not for loan Collection code Permanent Location Current Location Shelving location Date acquired Total Checkouts Full call number Barcode Date due Date last seen Date last checked out Price effective from Koha item type
          Teaching Resources KH8 Senior School Library KH8 Senior School Library Staff Office 2025-10-29 1 839.8226 IBS TRKHSL006766 2026-07-03 2025-10-30 2025-10-30 2025-10-29 Teaching Resources
          Teaching Resources KH8 Senior School Library KH8 Senior School Library Staff Office 2025-10-29 1 839.8226 IBS TRKHSL006767 2026-07-03 2025-10-30 2025-10-30 2025-10-29 Teaching Resources
          Teaching Resources KH8 Senior School Library KH8 Senior School Library Staff Office 2025-10-29 1 839.8226 IBS TRKHSL006768 2026-07-03 2025-10-30 2025-10-30 2025-10-29 Teaching Resources
          Teaching Resources KH8 Senior School Library KH8 Senior School Library Staff Office 2025-10-29 1 839.8226 IBS TRKHSL006769 2026-07-03 2025-10-30 2025-10-30 2025-10-29 Teaching Resources
          Teaching Resources KH8 Senior School Library KH8 Senior School Library Staff Office 2025-10-29 1 839.8226 IBS TRKHSL006770 2026-07-03 2025-10-30 2025-10-30 2025-10-29 Teaching Resources

Powered By KH8 IT Dept